[Event "POR-ch Seniors 50"]
[Site "Peniche"]
[Date "2023.06.09"]
[Round "4"]
[White "Fernandes, Paola Helena da Sil"]
[Black "Fernandes, Alberto Manuel"]
[Result "0-1"]
[WhiteElo "1702"]
[BlackElo "2094"]
[PlyCount "112"]
[EventDate "2023.06.06"]
[EventType "swiss"]
[EventRounds "5"]
[EventCountry "POR"]
[SourceTitle "CBM 214 Extra"]
[Source "ChessBase"]
[SourceDate "2023.07.31"]
[SourceVersion "1"]
[SourceVersionDate "2023.07.31"]
[SourceQuality "1"]

1. d4 Nf6 2. Nf3 e6 3. c4 b6 4. a3 Bb7 5. Bg5 Be7 6. Nc3 0-0 7. Qc2 d5 8. e3 Nbd7 9. cxd5 exd5 10. Be2 Nh5 11. Bxe7 Qxe7 12. Ne5 Nxe5 13. Bxh5 Nd7 14. Bf3 Nf6 15. 0-0 Rfd8 16. Rac1 c6 17. Ne2 Ne4 18. Bxe4 dxe4 19. Ng3 Re8 20. b4 a5 21. Qb3 axb4 22. axb4 Ba6 23. Rfd1 Bb5 24. Ra1 g6 25. Ra3 h5 26. Rda1 Rxa3 27. Qxa3 h4 28. Nf1 h3 29. g3 Bxf1 30. Kxf1 Qf6 31. Qc1 Qf3 32. Qd1 Qg2+ 33. Ke2 Qxh2 34. Qh1 Qxh1 35. Rxh1 Ra8 36. Rxh3 Ra2+ 37. Kf1 Rb2 38. Rh4 f5 39. g4 Kg7 40. gxf5 gxf5 41. Rh5 Kg6 42. Rh8 Rxb4 43. Re8 Kf6 44. Rc8 Rc4 45. Ke1 b5 46. Kd2 Kg5 47. Rg8+ Kh4 48. Rb8 Kg4 49. Rf8 Ra4 50. Kc3 Ra2 51. d5 cxd5 52. Rb8 Rxf2 53. Rxb5 Kf3 54. Kd4 Rd2+ 55. Ke5 Kxe3 56. Kxf5 Kf3 0-1

[Event "Lisbon Portugal rapid op"]
[Site "Lisbon"]
[Date "2019.02.10"]
[Round "7"]
[White "Candeias, Humberto"]
[Black "Fernandes, Alberto Manuel"]
[Result "1/2-1/2"]
[WhiteElo "1932"]
[BlackElo "2072"]
[PlyCount "50"]
[EventDate "2019.02.10"]
[EventType "swiss (rapid)"]
[EventRounds "8"]
[EventCountry "POR"]
[SourceTitle "CBM 188 Extra"]
[Source "ChessBase"]
[SourceDate "2019.02.26"]
[SourceVersion "1"]
[SourceVersionDate "2019.02.26"]
[SourceQuality "1"]

1. e4 e5 2. Nc3 Nf6 3. f4 d5 4. fxe5 Nxe4 5. Nf3 Nxc3 6. bxc3 Be7 7. d4 0-0 8. Bd3 Nc6 9. 0-0 f6 10. Qe1 fxe5 11. dxe5 Bf5 12. Qg3 Kh8 13. Rb1 Bc5+ 14. Kh1 Be4 15. Bg5 Qe8 16. Rbe1 Qe6 17. Bf4 Qg6 18. Bxe4 dxe4 19. Ng5 e3 20. e6 Qxc2 21. Nf7+ Kg8 22. Nh6+ Kh8 23. Nf7+ Kg8 24. Bxe3 Qxc3 25. Nh6+ Kh8 1/2-1/2

[Event "Lisbon Portugal rapid op"]
[Site "Lisbon"]
[Date "2019.02.10"]
[Round "6"]
[White "Fernandes, Alberto Manuel"]
[Black "Pacan Milej, Kosma"]
[Result "0-1"]
[WhiteElo "2072"]
[BlackElo "2273"]
[PlyCount "50"]
[EventDate "2019.02.10"]
[EventType "swiss (rapid)"]
[EventRounds "8"]
[EventCountry "POR"]
[SourceTitle "CBM 188 Extra"]
[Source "ChessBase"]
[SourceDate "2019.02.26"]
[SourceVersion "1"]
[SourceVersionDate "2019.02.26"]
[SourceQuality "1"]

1. b3 e5 2. Bb2 Nc6 3. e3 Nf6 4. Bb5 Bd6 5. d3 0-0 6. Bxc6 dxc6 7. e4 Nd7 8. Ne2 Nc5 9. 0-0 Ne6 10. Nd2 c5 11. Nc4 f6 12. a4 b6 13. g3 Nd4 14. Kg2 Bb7 15. f3 Qe7 16. Ne3 g6 17. g4 f5 18. exf5 Qg5 19. Bc1 gxf5 20. Ng3 fxg4 21. Ne4 gxf3+ 22. Kf2 Qh4+ 23. Kg1 Bxe4 24. dxe4 f2+ 25. Kh1 Nf3 0-1

[Event "Lisbon Portugal rapid op"]
[Site "Lisbon"]
[Date "2019.02.10"]
[Round "5"]
[White "Rego, Pedro Filipe"]
[Black "Fernandes, Alberto Manuel"]
[Result "1/2-1/2"]
[WhiteElo "2228"]
[BlackElo "2072"]
[PlyCount "103"]
[EventDate "2019.02.10"]
[EventType "swiss (rapid)"]
[EventRounds "8"]
[EventCountry "POR"]
[SourceTitle "CBM 188 Extra"]
[Source "ChessBase"]
[SourceDate "2019.02.26"]
[SourceVersion "1"]
[SourceVersionDate "2019.02.26"]
[SourceQuality "1"]

1. e4 e5 2. Nf3 Nc6 3. Nc3 Nf6 4. a3 Be7 5. Bc4 0-0 6. d3 d6 7. h3 h6 8. Be3 a6 9. Qd2 b5 10. Ba2 b4 11. axb4 Nxb4 12. Bc4 Kh7 13. 0-0 Be6 14. Bxe6 fxe6 15. d4 exd4 16. Nxd4 Qd7 17. Rfd1 Nc6 18. Nxc6 Qxc6 19. Qd3 e5 20. Nd5 Bd8 21. Ra2 Kh8 22. Rda1 Qb7 23. b3 Rf7 24. Rxa6 Rxa6 25. Qxa6 Qxa6 26. Rxa6 Nxe4 27. Ra8 Rd7 28. Nxc7 Rxc7 29. Rxd8+ Kh7 30. f3 Ng3 31. Rxd6 Rxc2 32. Rd2 Rc3 33. Kf2 Nh1+ 34. Ke2 Rxb3 35. Bc5 Ng3+ 36. Kf2 Nh5 37. g3 e4 38. Be3 Nxg3 39. Rd4 Rxe3 40. Kxe3 Nf5+ 41. Kxe4 Nxd4 42. Kxd4 Kg6 43. Ke5 Kg5 44. f4+ Kh4 45. Kf5 Kxh3 46. Kg6 Kg4 47. Kxg7 h5 48. Kg6 h4 49. f5 h3 50. f6 h2 51. f7 h1Q 52. f8Q 1/2-1/2

[Event "Lisbon Portugal op"]
[Site "Lisbon"]
[Date "2019.02.09"]
[Round "9"]
[White "Fernandes, Alberto Manuel"]
[Black "Martins, Bruno Andre Leite"]
[Result "1-0"]
[WhiteElo "2072"]
[BlackElo "2204"]
[PlyCount "117"]
[EventDate "2019.02.02"]
[EventType "swiss"]
[EventRounds "9"]
[EventCountry "POR"]
[SourceTitle "CBM 188 Extra"]
[Source "ChessBase"]
[SourceDate "2019.02.26"]
[SourceVersion "1"]
[SourceVersionDate "2019.02.26"]
[SourceQuality "1"]

1. c4 Nf6 2. Nc3 g6 3. g3 Bg7 4. Bg2 0-0 5. e4 d6 6. Nge2 e5 7. 0-0 c5 8. d3 Nc6 9. h3 Nd4 10. Be3 a6 11. Kh2 Nh5 12. Qd2 Rb8 13. Rab1 b5 14. cxb5 axb5 15. b4 Be6 16. f4 exf4 17. Nxf4 Nxf4 18. Bxf4 Ra8 19. bxc5 dxc5 20. Nd5 Qa5 21. Rf2 Bxd5 22. exd5 Qxd2 23. Rxd2 c4 24. dxc4 bxc4 25. Rc1 Rac8 26. Rcd1 Nf5 27. g4 c3 28. Rf2 g5 29. Bxg5 Nd6 30. Bf4 Rfd8 31. Re2 Rc4 32. Kg3 Bf8 33. h4 Rdc8 34. Rc2 Rb4 35. Be5 Nb5 36. d6 Rd8 37. d7 Be7 38. Bd5 h5 39. g5 Bd6 40. Bxd6 Nxd6 41. Rxc3 Nf5+ 42. Kf2 Rxd7 43. g6 Rf4+ 44. Ke2 Re7+ 45. Kd2 Rd4+ 46. Rd3 Rd7 47. Rxd4 Nxd4 48. gxf7+ Kf8 49. Kc3 Nf5 50. Bb3 Rxd1 51. Bxd1 Kxf7 52. Bxh5+ Ke6 53. Bf3 Nxh4 54. Be4 Kd6 55. Kd4 Ke6 56. a4 Kd6 57. a5 Kc7 58. Kc5 Kb8 59. Kb6 1-0

[Event "POR-ch Seniors 50"]
[Site "Luso"]
[Date "2018.03.27"]
[Round "4"]
[White "Maissa, Susana Flora Cesana"]
[Black "Fernandes, Alberto Manuel"]
[Result "0-1"]
[WhiteElo "1160"]
[BlackElo "2089"]
[PlyCount "66"]
[EventDate "2018.03.25"]
[EventType "swiss"]
[EventRounds "5"]
[EventCountry "POR"]
[SourceTitle "EXT 2019"]
[Source "ChessBase"]
[SourceDate "2018.10.10"]
[SourceVersion "1"]
[SourceVersionDate "2018.10.10"]
[SourceQuality "1"]

1. Nf3 Nf6 2. g3 b5 3. Bg2 Bb7 4. 0-0 e6 5. d3 d5 6. Nbd2 Be7 7. c4 bxc4 8. dxc4 0-0 9. Rb1 c5 10. b3 Nc6 11. Ba3 Qc7 12. Qc2 d4 13. Ng5 h6 14. Nge4 Nd7 15. Nf3 a5 16. Ra1 Nb4 17. Bxb4 axb4 18. Rfd1 f5 19. Ned2 e5 20. e4 dxe3 21. fxe3 e4 22. Ne1 Bf6 23. Nb1 Bxa1 24. Rd2 Ne5 25. Rf2 Rad8 26. Bh3 g6 27. Rf4 Qd6 28. Rf1 Qd1 29. Qxd1 Rxd1 30. Nc2 Rfd8 31. Kf2 Rxf1+ 32. Bxf1 Rd1 33. Nxa1 Rxb1 0-1

[Event "POR-chT"]
[Site "Caldas da Rainha"]
[Date "2014.08.23"]
[Round "9.3"]
[White "Silva, Luis Neves Da"]
[Black "Fernandes, Alberto Manuel"]
[Result "1-0"]
[WhiteElo "2226"]
[BlackElo "2160"]
[PlyCount "79"]
[EventDate "2014.08.17"]
[EventType "team-tourn"]
[EventRounds "9"]
[EventCountry "POR"]
[SourceTitle "CBM 161 Extra"]
[Source "ChessBase"]
[SourceDate "2014.08.29"]
[SourceVersion "1"]
[SourceVersionDate "2014.08.29"]
[SourceQuality "1"]
[WhiteTeam "AAD NXVSC"]
[BlackTeam "EDP"]
[WhiteTeamCountry "POR"]
[BlackTeamCountry "POR"]

1. Nf3 Nf6 2. c4 e6 3. Nc3 Bb4 4. Qc2 Bxc3 5. Qxc3 b6 6. g4 Bb7 7. g5 Nh5 8. b3 d6 9. Bb2 e5 10. Rg1 c5 11. h4 Qd7 12. Nh2 Qe6 13. e3 Nd7 14. 0-0-0 0-0-0 15. d4 h6 16. d5 Qe7 17. Qd2 hxg5 18. hxg5 Nf4 19. exf4 Rxh2 20. fxe5 dxe5 21. Qe3 f5 22. Bh3 f4 23. Qf3 Qd6 24. Rde1 Re8 25. Qh5 Kd8 26. Re2 e4 27. Rge1 e3 28. fxe3 g6 29. Qg4 Rxe2 30. Rxe2 Ne5 31. Bxe5 Rxe5 32. Qxf4 Bc8 33. Bxc8 Kxc8 34. Rh2 Kb7 35. Rh7+ Ka6 36. Qf7 Qb8 37. Qd7 b5 38. Qc6+ Qb6 39. cxb5+ Ka5 40. Rb7 1-0

[Event "POR-chT"]
[Site "Caldas da Rainha"]
[Date "2014.08.20"]
[Round "5.1"]
[White "Fernandes, Alberto Manuel"]
[Black "Gonzalez Perez, Arian"]
[Result "0-1"]
[WhiteElo "2160"]
[BlackElo "2480"]
[PlyCount "82"]
[EventDate "2014.08.17"]
[EventType "team-tourn"]
[EventRounds "9"]
[EventCountry "POR"]
[SourceTitle "CBM 161 Extra"]
[Source "ChessBase"]
[SourceDate "2014.08.29"]
[SourceVersion "1"]
[SourceVersionDate "2014.08.29"]
[SourceQuality "1"]
[WhiteTeam "EDP"]
[BlackTeam "Dias Ferreira"]
[WhiteTeamCountry "POR"]
[BlackTeamCountry "POR"]

1. b3 e5 2. Bb2 Nc6 3. e3 Nf6 4. Bb5 Bd6 5. Ne2 Ne7 6. d4 e4 7. Ng3 c6 8. Be2 Bc7 9. c4 d5 10. Nc3 Ng6 11. Ba3 h5 12. Nxh5 Nxh5 13. Bxh5 Qg5 14. Be2 Qxg2 15. Rf1 Rxh2 16. Qc2 Bg4 17. cxd5 Bxe2 18. Qxe2 Bg3 19. 0-0-0 Bxf2 20. Kb1 Rc8 21. Rd2 Rh1 22. Rdd1 Rh2 23. Bd6 Bg3 24. Qxg2 Rxg2 25. Bxg3 cxd5 26. Be1 Nh4 27. Bxh4 Rxc3 28. Bf2 g5 29. Kb2 Rc6 30. Ka3 Rf6 31. Bg1 Rf3 32. Kb4 Kd7 33. a4 f5 34. Rc1 Rxf1 35. Rxf1 f4 36. exf4 gxf4 37. Bf2 Ke6 38. Be1 f3 39. Rf2 Kf5 40. Kc5 Rxf2 41. Bxf2 Kf4 0-1

[Event "Sintra Masters"]
[Site "Sintra"]
[Date "2013.06.14"]
[Round "7"]
[White "Fernandes, Alberto Manuel"]
[Black "Diogo, Vasco Andre Marcalo"]
[Result "1-0"]
[WhiteElo "2139"]
[BlackElo "2292"]
[PlyCount "71"]
[EventDate "2013.06.08"]
[EventType "tourn"]
[EventRounds "9"]
[EventCountry "POR"]
[EventCategory "1"]
[SourceTitle "CBM 154 Extra"]
[Source "ChessBase"]
[SourceDate "2013.06.25"]
[SourceVersion "2"]
[SourceVersionDate "2013.06.25"]
[SourceQuality "1"]

1. e4 c5 2. Nf3 a6 3. c4 Nc6 4. d4 cxd4 5. Nxd4 e5 6. Nc2 Bc5 7. Be2 Nf6 8. Nc3 b5 9. cxb5 axb5 10. Bxb5 Qb6 11. 0-0 Nxe4 12. Nxe4 Qxb5 13. Qg4 Kf8 14. Nc3 Qb7 15. Qc4 d6 16. Be3 Be6 17. Qe2 Bxe3 18. fxe3 Ke7 19. b3 Rhc8 20. Na4 Nb4 21. Nxb4 Qxb4 22. Rac1 h6 23. h3 f5 24. Qd3 e4 25. Qe2 g6 26. Rfd1 Bf7 27. Qb2 h5 28. h4 Qb5 29. Qd4 Qe5 30. Qb4 Rab8 31. Nb6 Rxc1 32. Rxc1 Qg3 33. Rc7+ Kd8 34. Qc3 Rxb6 35. Rxf7 Rc6 36. Qh8# 1-0

[Event "Lisbon Masters"]
[Site "Lisbon"]
[Date "2012.05.02"]
[Round "5"]
[White "Padeiro, Jose Joao Tato"]
[Black "Fernandes, Alberto Manuel"]
[Result "1-0"]
[WhiteElo "2315"]
[BlackElo "2129"]
[PlyCount "141"]
[EventDate "2012.04.28"]
[EventType "tourn"]
[EventRounds "9"]
[EventCountry "POR"]
[EventCategory "1"]
[SourceTitle "CBM 148 Extra"]
[Source "ChessBase"]
[SourceDate "2012.06.22"]
[SourceVersion "1"]
[SourceVersionDate "2012.06.22"]
[SourceQuality "1"]

1. d4 Nf6 2. c4 e6 3. Nc3 Bb4 4. e3 b6 5. Nf3 Bb7 6. Bd3 0-0 7. 0-0 Bxc3 8. bxc3 Ne4 9. Qc2 f5 10. Ne1 d6 11. f3 Nf6 12. e4 fxe4 13. fxe4 e5 14. Nf3 Nbd7 15. Bg5 Qe8 16. Rae1 h6 17. Bc1 Qh5 18. c5 dxc5 19. Ba3 Kh7 20. h3 Rfe8 21. dxc5 Nxc5 22. Bxc5 bxc5 23. Qf2 Qf7 24. Qxc5 Qe7 25. Qe3 Nh5 26. Kh2 Nf4 27. Bc4 Rf8 28. g3 Ng6 29. Bd5 c6 30. Bc4 Bc8 31. Kg2 Rb8 32. Bb3 Ba6 33. Rf2 Rbd8 34. Rd1 Rxd1 35. Bxd1 Rd8 36. Rd2 Rxd2+ 37. Nxd2 Qg5 38. Qxg5 hxg5 39. Bg4 Kg8 40. Be6+ Kf8 41. Nf3 Ke7 42. Bf5 Kf6 43. Bxg6 Kxg6 44. Nxe5+ Kf6 45. Nxc6 Bb7 46. Nxa7 Ke5 47. Nb5 Bxe4+ 48. Kf2 Kd5 49. Nc7+ Ke5 50. a4 Bc6 51. Nb5 Kd5 52. Ke3 Kc5 53. Nd4 Bd7 54. g4 Bxa4 55. Ne6+ Kd5 56. Nxg5 Bb5 57. Ne4 Ke5 58. Nd2 g5 59. c4 Bc6 60. Nf3+ Kf6 61. c5 Bd5 62. Nd2 Ke5 63. Nf3+ Kf6 64. Kf2 Be4 65. Kg3 Bd5 66. Nxg5 Kxg5 67. h4+ Kg6 68. Kf4 Bc6 69. Ke5 Bd7 70. g5 Ba4 71. Kd6 1-0

[Event "Lisbon Masters"]
[Site "Lisbon"]
[Date "2012.05.01"]
[Round "4"]
[White "Fernandes, Alberto Manuel"]
[Black "Santos, Antonio Pereira"]
[Result "1/2-1/2"]
[WhiteElo "2129"]
[BlackElo "2327"]
[PlyCount "142"]
[EventDate "2012.04.28"]
[EventType "tourn"]
[EventRounds "9"]
[EventCountry "POR"]
[EventCategory "1"]
[SourceTitle "CBM 148 Extra"]
[Source "ChessBase"]
[SourceDate "2012.06.22"]
[SourceVersion "1"]
[SourceVersionDate "2012.06.22"]
[SourceQuality "1"]

1. e4 c5 2. Nc3 Nc6 3. f4 g6 4. Nf3 Bg7 5. Bb5 Nd4 6. 0-0 Nxb5 7. Nxb5 d6 8. Nc3 Nf6 9. d3 0-0 10. Bd2 Bd7 11. Qe1 e6 12. e5 Ne8 13. Ne4 Bc6 14. Bc3 Bxe4 15. dxe4 d5 16. exd5 Qxd5 17. Ng5 b5 18. b3 b4 19. Rd1 Qc6 20. Bb2 Nc7 21. Rd6 Qb5 22. Qe3 Rad8 23. Rfd1 Nd5 24. Qh3 h6 25. Rxd8 Rxd8 26. Ne4 Rd7 27. Qd3 Qxd3 28. Rxd3 Rc7 29. g3 c4 30. Rd1 cxb3 31. cxb3 Rc2 32. Rd2 Rxd2 33. Nxd2 g5 34. fxg5 hxg5 35. Ne4 g4 36. Kf2 Kh7 37. Ke2 Kg6 38. Kd3 Kf5 39. Nd6+ Kg6 40. Bd4 a6 41. Ne4 Ne7 42. Nc5 a5 43. Ke4 Nc6 44. Bb2 Bh6 45. Nb7 Bd2 46. Nc5 Bc3 47. Nd3 Bd2 48. Bc1 Bxc1 49. Nxc1 Ne7 50. Ne2 Kg5 51. Nf4 Nc6 52. Nd3 Ne7 53. Nf4 Kh6 54. Kd4 Nc6+ 55. Kc5 Nxe5 56. Kb5 Nf3 57. Kxa5 Nxh2 58. Kxb4 Nf1 59. Ne2 f5 60. a4 Nxg3 61. Nxg3 f4 62. Ne2 f3 63. Ng3 Kg5 64. a5 Kh4 65. Ne4 g3 66. a6 g2 67. a7 g1Q 68. a8Q Qd4+ 69. Kb5 Qd3+ 70. Kb4 Qd4+ 71. Kb5 Qd3+ 1/2-1/2

[Event "Portuguese Masters"]
[Site "Vila Nova de Gaia"]
[Date "2011.06.10"]
[Round "7"]
[White "Padeiro, Jose Joao Tato"]
[Black "Fernandes, Alberto Manuel"]
[Result "1-0"]
[WhiteElo "2276"]
[BlackElo "2168"]
[PlyCount "139"]
[EventDate "2011.06.05"]
[EventType "tourn"]
[EventRounds "9"]
[EventCountry "POR"]
[SourceTitle "CBM 142 Extra"]
[Source "ChessBase"]
[SourceDate "2011.06.27"]
[SourceVersion "1"]
[SourceVersionDate "2011.06.27"]
[SourceQuality "1"]

1. d4 Nf6 2. c4 e6 3. Nf3 b6 4. e3 Bb7 5. Bd3 Bb4+ 6. Nbd2 0-0 7. 0-0 d6 8. e4 Bxd2 9. Nxd2 e5 10. d5 Nbd7 11. Rb1 a5 12. b3 g6 13. Be2 Ne8 14. a3 Ng7 15. b4 axb4 16. axb4 Bc8 17. Bb2 Qe7 18. Qc2 Qg5 19. Qc3 Qe7 20. Ra1 Bb7 21. Rxa8 Rxa8 22. f4 f6 23. Bg4 Bc8 24. Bh3 h6 25. fxe5 fxe5 26. Nb3 Nf6 27. Bxc8 Rxc8 28. Qe3 Rf8 29. Bc1 Ng4 30. Rxf8+ Qxf8 31. Qf3 h5 32. Bg5 Ne8 33. c5 bxc5 34. bxc5 Qxf3 35. gxf3 Ngf6 36. c6 Kf7 37. Kf2 Ke7 38. Ke2 Kd8 39. Kd3 Kc8 40. h4 Nh7 41. Be7 Nhf6 42. Na5 Ng8 43. Bg5 Nef6 44. Nc4 Nh7 45. Be3 Kd8 46. Nb2 Ke7 47. Nd1 Ngf6 48. Nf2 Ne8 49. Nh3 Nef6 50. Ng5 Nf8 51. Kc4 Ke8 52. Kb5 N6h7 53. Ka6 Nxg5 54. Bxg5 Nh7 55. Be3 g5 56. hxg5 h4 57. Kb7 h3 58. Bg1 Kd8 59. g6 Nf6 60. g7 Ng8 61. Bh2 Ne7 62. f4 exf4 63. Bxf4 Ng8 64. e5 dxe5 65. Bxe5 Ne7 66. Bxc7+ Ke8 67. Bd6 Kf7 68. c7 Kxg7 69. c8Q Nxc8 70. Kxc8 1-0

[Event "Portuguese Masters"]
[Site "Vila Nova de Gaia"]
[Date "2011.06.05"]
[Round "1"]
[White "Santos, Jose Pereira"]
[Black "Fernandes, Alberto Manuel"]
[Result "1-0"]
[WhiteElo "2285"]
[BlackElo "2168"]
[PlyCount "91"]
[EventDate "2011.06.05"]
[EventType "tourn"]
[EventRounds "9"]
[EventCountry "POR"]
[SourceTitle "CBM 142 Extra"]
[Source "ChessBase"]
[SourceDate "2011.06.27"]
[SourceVersion "1"]
[SourceVersionDate "2011.06.27"]
[SourceQuality "1"]

1. c4 Nf6 2. d4 e6 3. g3 d5 4. Bg2 Be7 5. Nf3 0-0 6. 0-0 dxc4 7. Ne5 Nc6 8. Bxc6 bxc6 9. Nxc6 Qd7 10. Nxe7+ Qxe7 11. Qa4 e5 12. dxe5 Qxe5 13. Qxc4 Be6 14. Qc2 Bh3 15. Re1 Ne4 16. Nc3 Bf5 17. Nxe4 Bxe4 18. Qc3 Qxc3 19. bxc3 Rfd8 20. Bf4 Rd7 21. Red1 Rad8 22. Rxd7 Rxd7 23. f3 Bf5 24. Kf2 f6 25. h4 h6 26. a3 c6 27. Be3 h5 28. a4 Kf7 29. a5 a6 30. Ra4 Rb7 31. Bb6 Be6 32. e4 Rd7 33. Rd4 Rxd4 34. cxd4 Bc4 35. Ke3 Ke6 36. g4 g6 37. Kf4 Bb3 38. g5 fxg5+ 39. Kxg5 Bd1 40. f4 Bg4 41. Kxg6 Ke7 42. Bc5+ Ke8 43. f5 Bf3 44. e5 Be4 45. e6 Bd3 46. Kf6 1-0

[Event "Lisbon Masters"]
[Site "Lisbon"]
[Date "2010.06.25"]
[Round "7"]
[White "Fernandes, Alberto Manuel"]
[Black "Leite Oralova, Catarina"]
[Result "0-1"]
[WhiteElo "2187"]
[BlackElo "2183"]
[PlyCount "48"]
[EventDate "2010.06.19"]
[EventType "tourn"]
[EventRounds "9"]
[EventCountry "POR"]
[SourceTitle "EXT 2013"]
[Source "ChessBase"]
[SourceDate "2012.11.22"]
[SourceVersion "1"]
[SourceVersionDate "2012.11.22"]
[SourceQuality "1"]

1. b3 e5 2. Bb2 Nc6 3. e3 g6 4. Bb5 Nge7 5. f4 Bg7 6. Nf3 f6 7. fxe5 fxe5 8. e4 a6 9. Bc4 b5 10. Bd5 Nxd5 11. exd5 Nd4 12. 0-0 0-0 13. Nxd4 exd4 14. d6 c5 15. d3 Bb7 16. Nd2 Qg5 17. Qe2 Rae8 18. Rxf8+ Bxf8 19. Ne4 Bxe4 20. dxe4 Bxd6 21. Re1 Bf4 22. a4 d5 23. axb5 Rxe4 24. Qf1 Bxh2+ 0-1

[Event "Lisbon Summer op"]
[Site "Lisbon"]
[Date "2000.08.25"]
[Round "5"]
[White "Frois, Antonio"]
[Black "Fernandes, Alberto Manuel"]
[Result "1/2-1/2"]
[WhiteElo "2346"]
[BlackElo "2137"]
[PlyCount "58"]
[EventDate "2000.08.21"]
[EventType "swiss"]
[EventRounds "10"]
[EventCountry "POR"]
[SourceTitle "EXT 2001"]
[Source "ChessBase"]
[SourceDate "2000.11.22"]
[SourceVersion "1"]
[SourceVersionDate "2000.11.22"]
[SourceQuality "1"]

1. Nf3 Nf6 2. c4 c5 3. Nc3 d5 4. cxd5 Nxd5 5. g3 Nc6 6. Bg2 Nc7 7. 0-0 e5 8. d3 Be7 9. Nd2 Bd7 10. Nc4 f6 11. a4 Rb8 12. f4 0-0 13. Bd2 Kh8 14. Rf2 Be6 15. fxe5 Nxe5 16. Bf4 Ng4 17. Rf1 g5 18. Bxc7 Qxc7 19. Nd5 Qd7 20. e4 Kg7 21. Qd2 h6 22. Qc3 Bd6 23. Rad1 b6 24. h3 Ne5 25. Nxf6 Rxf6 26. Nxe5 Bxe5 27. Qxe5 Qd4+ 28. Qxd4 cxd4 29. Rc1 Rxf1+ 1/2-1/2